00283nam a2200097Ia 4500008004100000020001800041100002400059245004500083260003800128300001900166180323s9999 xx 000 0 und d a9789712368196 aAbulencia, Efren F. aFundamentals of business communication / aQuezon City :b2014cREX printing avii, 162 pages